00568 2200193 4500001002100000005001500021035002000036007000300056008004100059020001800100082001200118084001800130100002400148245006700172260005000239300004200289650002700331990001600358INLIS00000000000016320231013024523 a0010-1023000099ta231013 g 0 ind  a979-456-185-1 a636.084 a636.084 AMI i0 aAminuddin Parakkasi1 aIlmu Nutrisi dan Makanan Ternak Ruminan /cAminuddin Parakkasi aJakarta :bUniversitas Indonesia Press,c1998 ax, 852 hlm, :bilus, ;c15 cm x 23 cm 4aMakanan Ternak Ruminan a00000000175